Translation today : (Record no. 211070)
[ view plain ]
| 000 -LEADER | |
|---|---|
| fixed length control field | 00666 a2200181 4500 |
| 010 ## - LCCN (DPL NO) | |
| LC control number | ENG-144702 |
| 020 ## - INTERNATIONAL STANDARD BOOK NUMBER | |
| Terms of availability | 200.00 |
| 035 ## - SYSTEM CONTROL NUMBER | |
| System control number | EN-128234 |
| 037 ## - SOURCE OF ACQUISITION | |
| Source of stock number/acquisition | DBAD |
| 082 14 - DEWEY DECIMAL CLASSIFICATION NUMBER | |
| Classification number | 401.802 |
| Edition number | Volume 8 |
| 245 1# - TITLE STATEMENT | |
| Title | Translation today : |
| Statement of responsibility, etc | Edited By Awadesh Kumar Mishra, V. Saratchandran Nair |
| Remainder of title | Natioal Translation Mission / |
| Medium | English |
| 260 ## - PUBLICATION, DISTRIBUTION, ETC. (IMPRINT) | |
| Place of publication, distribution, etc | Mysore |
| Name of publisher, distributor, etc | Awadesh Kumar Mishra |
| Date of publication, distribution, etc | 2014 |
| 270 ## - ADDRESS | |
| Address | Central Institute Of Indian Languages ,Manasagangotri, Hunsur Road |
| City | Mysore |
| Postal code | 570006 |
| Electronic mail address | Awadeshkumar@ciil.stpmy.soft.net |
| 300 ## - PHYSICAL DESCRIPTION | |
| Extent | 190 p |
| Dimensions | 21 cm (Pbk) |
| 490 ## - SERIES STATEMENT | |
| Volume number/sequential designation | 8 |
| 700 1# - ADDED ENTRY--PERSONAL NAME | |
| Personal name | Awadesh Kumar Mishra |
| 9 (RLIN) | 80809 |
| 942 ## - ADDED ENTRY ELEMENTS (KOHA) | |
| Institution code [OBSOLETE] | dpl |
| Item type | English Books |
| Source of classification or shelving scheme | Dewey Decimal Classification |
| Classification part | 401.802 |
| Call number suffix | AWA |
| Withdrawn status | Lost status | Not for loan | Collection code | Home library | Current library | Date acquired | Source of acquisition | Cost, normal purchase price | Full call number | Barcode | Copy number | Cost, replacement price | Koha item type |
|---|---|---|---|---|---|---|---|---|---|---|---|---|---|
| Non-fiction | Patel Nagar | Patel Nagar | 23/04/2025 | DBAD | 200.00 | 401.802 AWA | EN-128234 | 1 | 200.00 | English Books | |||
| Patel Nagar | Patel Nagar | 29/04/2025 | 401.802 AWA | English Books |
